La justicia contra el machete (Record no. 115954)

MARC details
000 -LEADER
campo de control de longitud fija 00548nam a2200169 4500
001 - NÚMERO DE CONTROL
campo de control 115954
003 - IDENTIFICADOR DE NÚMERO DE CONTROL
campo de control ES-MaACL
005 - FECHA Y HORA DE LA ÚLTIMA TRANSACCIÓN
campo de control 20230906190612.0
007 - CAMPO FIJO DE DESCRIPCIÓN FÍSICA--INFORMACIÓN GENERAL
campo de control de longitud fija t|
008 - DATOS DE LONGITUD FIJA--INFORMACIÓN GENERAL
campo de control de longitud fija 061121s1934 sp r ||||1| spa d
080 ## - NÚMERO DE LA CLASIFICACIÓN DECIMAL UNIVERSAL
Número de la Clasificación Decimal Universal A-3775
100 1# - ENTRADA PRINCIPAL--NOMBRE DE PERSONA
Nombre de persona Ortiz Pacheco, Nicolás.
9 (RLIN) 87636
245 13 - MENCIÓN DEL TÍTULO
Título La justicia contra el machete
Resto del título : (réplica al libro `Bajo el signo de Marte del canciller uruguayo Justo Pastor Benítez) /
Mención de responsabilidad, etc. Nicolás Ortiz Pacheco.
260 ## - PUBLICACIÓN, DISTRIBUCIÓN, ETC.
Lugar de publicación, distribución, etc. La Paz :
Nombre del editor, distribuidor, etc. Renacimiento,
Fecha de publicación, distribución, etc. 1935.
300 ## - DESCRIPCIÓN FÍSICA
Extensión 220 p. ;
Dimensiones 20 cm.
852 ## - LOCALIZACIÓN
Ubicación ES-MaACL
Número de control de estantería A-3775
Holdings
Estatus retirado Estado de pérdida Estado de daño No para préstamo Biblioteca de origen Biblioteca actual Ubicación en estantería Fecha de adquisición Fuente de adquisición Total de préstamos Signatura topográfica completa Código de barras Visto por última vez Precio de reemplazo Tipo de ítem Koha
        Biblioteca del Ateneo de Madrid Biblioteca del Ateneo de Madrid Sala Pecera Planta 1 17/01/2008     A-3775 1120918 23/02/2023 23/02/2023 Libro impreso